| 000 | 00534nam a22001697a 4500 | ||
|---|---|---|---|
| 003 | MACL | ||
| 005 | 20160724150225.0 | ||
| 008 | 160724b xxu||||| |||| 00| 0 eng d | ||
| 040 | _cMACL | ||
| 041 | _aHindi | ||
| 082 | _a590 SHU | ||
| 100 |
_aशुक्ल, परशुराम _965247 |
||
| 245 |
_aउभयचर कोश _cपरशुराम शुक्ल |
||
| 260 |
_aजयपुर _bपंचशील प्रकाशन _c2012 |
||
| 650 |
_aजीव जन्तु _965248 |
||
| 942 |
_2ddc _cHIN |
||
| 999 |
_c54917 _d54917 |
||